Tables for the easy valuing of estates, from one shilling to five pounds per acre: also the parts of an acre, from three roods to one perch. By Bernard Scale, ... 1771 (Record no. 113520)

MARC details
000 -LEADER
fixed length control field 00859cam a22001935a 4500
001 - CONTROL NUMBER
control field L155377
008 - FIXED-LENGTH DATA ELEMENTS--GENERAL INFORMATION
fixed length control field 120320s1771 xxk f 000 0 eng d
035 ## - SYSTEM CONTROL NUMBER
System control number (Sirsi) u155377
041 0# - LANGUAGE CODE
Language code of text/sound track or separate title eng
100 1# - MAIN ENTRY--PERSONAL NAME
Personal name Scale, Bernard
245 00 - TITLE STATEMENT
Title Tables for the easy valuing of estates, from one shilling to five pounds per acre: also the parts of an acre, from three roods to one perch. By Bernard Scale, ... 1771
260 ## - PUBLICATION, DISTRIBUTION, ETC.
Place of publication, distribution, etc. [London]
Name of publisher, distributor, etc. Printed for the author, & sold by T. Cadell in the Strand, & all the principal booksellers in town & country
Date of publication, distribution, etc. [1771]
300 ## - PHYSICAL DESCRIPTION
Extent vii, [1], 107, [1] p., plate
Dimensions 8o
520 ## - SUMMARY, ETC.
Summary, etc. The titlepage and dedication leaf are engraved. The engraved dedication is included in the pagination.
583 ## - ACTION NOTE
Action Condition reviewed
Time/date of action 20120620
Status condition level 3
651 #4 - SUBJECT ADDED ENTRY--GEOGRAPHIC NAME
Geographic name Great Britain
Chronological subdivision 1707-
690 ## - LOCAL SUBJECT ADDED ENTRY--TOPICAL TERM (OCLC, RLIN)
Topical term or geographic name as entry element Valuation
9 (RLIN) 6273
942 ## - ADDED ENTRY ELEMENTS (KOHA)
Suppress in OPAC 0
Holdings
Withdrawn status Lost status Source of classification or shelving scheme Damaged status Not for loan Home library Current library Shelving location Date acquired Total Checkouts Full call number Barcode Date last seen Copy number Price effective from Koha item type
    Dewey Decimal Classification     Historic collection Historic collection Historic collection 20/03/2012   OCTAVO 1771 SCALE 30077264 06/08/2019 1 06/08/2019 Book